000 00738nam a2200241Ia 4500
003 OSt
005 20220918200625.0
006 a|||||r|||| 00| 0
007 ta
008 220917b |||||||| |||| 00| 0 eng d
024 _a89,580
037 _cTextual
040 _aARTS
_cARTS
_beng
041 _2eng
_aeng
082 _aU5:10Q7:1Q, G01
100 _aLe Strange G
_993342
245 0 _aLands of the Eastern Caliphate
_b Mesopotamia Persia and Central Asia from the Moslem conquest to the time of Timur
260 _c1930
490 _acambridge geographical series ed by F H H G uillemard; 1
650 _aGEOPOLITICS
_940978
942 _hU5:10Q7:1Q, G01
_cTEXL
_2CC
999 _c213250
_d213250